[Event "39 Mar del Plata open"]
[Site "?"]
[Date "2008.03.17"]
[Round "4"]
[White "Saralegui, Mario"]
[Black "Di Diego, Osvaldo"]
[Result "1-0"]
[WhiteElo "2190"]
[BlackElo "2051"]
[PlyCount "75"]

1. d4 d5 2. c4 e6 3. Nc3 c6 4. cxd5 exd5 5. Nf3 Nf6 6. Bg5 Be7 7. Qc2 O-O 8. e3
Ne4 9. Bxe7 Qxe7 10. Bd3 f5 11. O-O Nd7 12. Rae1 Kh8 13. Nd2 Nxd2 14. Qxd2 Nf6
15. f3 Bd7 16. Bb1 Rad8 17. Nd1 Qd6 18. Nf2 Bc8 19. Nd3 Nd7 20. b4 b6 21. Rc1
Ba6 22. Rfe1 Bxd3 23. Bxd3 c5 24. bxc5 bxc5 25. dxc5 Nxc5 26. Bf1 Nd7 27. Qd4
a5 28. Bb5 Rc8 29. a4 Nf6 30. Bd3 Qa3 31. Ra1 Qc5 32. Qxc5 Rxc5 33. Bxf5 Rd8
34. e4 g6 35. e5 gxf5 36. exf6 Rcc8 37. Re3 Rd6 38. Rd1 1-0

[Event "39 Mar del Plata open"]
[Site "?"]
[Date "2008.03.17"]
[Round "4"]
[White "Scarzello, Alejandro"]
[Black "Meza, Hugo"]
[Result "1/2-1/2"]
[WhiteElo "2001"]
[BlackElo "2246"]
[PlyCount "52"]

1. e4 c5 2. Nf3 Nc6 3. d4 cxd4 4. Nxd4 g6 5. Nc3 Bg7 6. Be3 Nf6 7. Bc4 O-O 8.
Bb3 a5 9. O-O d6 10. Ndb5 Ng4 11. Bg5 h6 12. Bd2 Nf6 13. h3 a4 14. Nxa4 Nxe4
15. Be3 Ra6 16. c4 Bd7 17. Qc2 Nf6 18. Rad1 Na5 19. Nac3 Qc8 20. Bd4 Be6 21.
Na3 Nc6 22. Nd5 Nxd5 23. cxd5 Nxd4 24. Rxd4 Bxd4 25. dxe6 f6 26. Qe4 Qe8
1/2-1/2

[Event "39 Mar del Plata open"]
[Site "?"]
[Date "2008.03.17"]
[Round "4"]
[White "Tristan, Leonardo"]
[Black "Fidel, Roberto"]
[Result "1-0"]
[WhiteElo "2345"]
[BlackElo "2168"]
[PlyCount "53"]

1. e4 e5 2. Nf3 Nc6 3. Bb5 f5 4. d3 fxe4 5. dxe4 Nf6 6. O-O d6 7. Qd3 Be7 8.
Bc4 Na5 9. Ng5 Nxc4 10. Qxc4 d5 11. exd5 Qxd5 12. Qe2 O-O 13. Nc3 Qc6 14. Qxe5
Bd6 15. Qb5 Ng4 16. h3 Ne5 17. Nge4 Bf5 18. Nxd6 Qxd6 19. Rd1 Qe6 20. Bf4 Nc6
21. Re1 Qg6 22. Bg3 Rf7 23. Nd5 Be4 24. Nxc7 Nd4 25. Qc4 Nxc2 26. Rxe4 Nxa1 27.
Nxa8 1-0

[Event "39 Mar del Plata open"]
[Site "?"]
[Date "2008.03.18"]
[Round "5"]
[White "Alonso, Salvador"]
[Black "De Dovitis, Alejo"]
[Result "1/2-1/2"]
[WhiteElo "2404"]
[BlackElo "2326"]
[PlyCount "36"]

1. e4 e6 2. d4 d5 3. Nc3 dxe4 4. Nxe4 Bd7 5. Nf3 Bc6 6. Bd3 Nd7 7. O-O Ngf6 8.
Ng3 Be7 9. Re1 O-O 10. Ne5 Nxe5 11. dxe5 Qd5 12. Qf3 Qxf3 13. gxf3 Nd7 14. f4
Nc5 15. Bf1 g6 16. Bg2 Bxg2 17. Kxg2 Rfd8 18. Be3 Rd5 1/2-1/2

[Event "39 Mar del Plata open"]
[Site "?"]
[Date "2008.03.18"]
[Round "5"]
[White "Alpern, Adrian Pablo"]
[Black "Vargas, Gabriela"]
[Result "1/2-1/2"]
[WhiteElo "2187"]
[BlackElo "2030"]
[PlyCount "37"]

1. d4 d5 2. Nf3 e6 3. e3 Nf6 4. Bd3 Nbd7 5. O-O Bd6 6. c4 c6 7. Nc3 O-O 8. e4
dxe4 9. Nxe4 Nxe4 10. Bxe4 h6 11. Bc2 Re8 12. Qd3 Nf8 13. Be3 Bc7 14. Rad1 e5
15. dxe5 Qxd3 16. Bxd3 Bg4 17. h3 Bxf3 18. gxf3 Bxe5 19. b3 1/2-1/2

[Event "39 Mar del Plata open"]
[Site "?"]
[Date "2008.03.18"]
[Round "5"]
[White "Bibiloni, Jorge"]
[Black "Scarzello, Alejandro"]
[Result "1-0"]
[WhiteElo "2180"]
[BlackElo "2001"]
[PlyCount "51"]

1. e4 c5 2. d3 Nc6 3. g3 g6 4. Bg2 Bg7 5. f4 e6 6. Nf3 Nge7 7. O-O d6 8. c3 O-O
9. Be3 b6 10. d4 Ba6 11. Re1 Rc8 12. Na3 Bb7 13. Nb5 a6 14. dxc5 axb5 15. cxd6
b4 16. dxe7 Qxe7 17. e5 bxc3 18. bxc3 b5 19. Rb1 b4 20. Qb3 bxc3 21. Qxb7 c2
22. Qxe7 Nxe7 23. Rbc1 Nd5 24. Nd4 Nb4 25. Re2 Rfd8 26. a3 1-0

[Event "39 Mar del Plata open"]
[Site "?"]
[Date "2008.03.18"]
[Round "5"]
[White "Cristobal, Manuel"]
[Black "Sanduay, Nicolas"]
[Result "1-0"]
[WhiteElo "2174"]
[BlackElo "2017"]
[PlyCount "37"]

1. e4 c5 2. Nf3 e6 3. d4 cxd4 4. Nxd4 a6 5. Nc3 Qc7 6. Be3 Nf6 7. a3 Be7 8. Bd3
b5 9. O-O Bb7 10. f4 d6 11. Qf3 Nc6 12. Rae1 O-O 13. Qh3 Nxd4 14. Bxd4 e5 15.
fxe5 dxe5 16. Nd5 Nxd5 17. exd5 g6 18. Rxe5 Bc5 19. Qxh7+ 1-0

[Event "39 Mar del Plata open"]
[Site "?"]
[Date "2008.03.18"]
[Round "5"]
[White "Cuevas, Alex"]
[Black "Tristan, Leonardo"]
[Result "1/2-1/2"]
[WhiteElo "2165"]
[BlackElo "2345"]
[PlyCount "24"]

1. e4 d6 2. d4 Nf6 3. Nc3 g6 4. g3 Bg7 5. Bg2 O-O 6. Nge2 Nbd7 7. O-O e5 8. h3
c6 9. a4 Qc7 10. Be3 Re8 11. Qd2 b6 12. d5 c5 1/2-1/2

[Event "39 Mar del Plata open"]
[Site "?"]
[Date "2008.03.18"]
[Round "5"]
[White "Dimuro, Matias"]
[Black "Sagrera, Marcos"]
[Result "1-0"]
[WhiteElo "2143"]
[BlackElo "1916"]
[PlyCount "61"]

1. e4 e6 2. d4 d5 3. Nc3 Bb4 4. e5 c5 5. a3 Bxc3+ 6. bxc3 Ne7 7. a4 Qa5 8. Bd2
Bd7 9. Nf3 Nbc6 10. h4 O-O-O 11. Bb5 f6 12. O-O Rhg8 13. Re1 c4 14. h5 Rdf8 15.
Bc1 Rf7 16. Ba3 g5 17. exf6 Rxf6 18. Nh2 g4 19. Nxg4 Rf4 20. Bb4 Nxb4 21. cxb4
Qxb4 22. Rb1 Qc3 23. Bxd7+ Kxd7 24. Re3 Qxd4 25. Qxd4 Rxd4 26. Nf6+ Kd6 27.
Nxg8 Nxg8 28. Rbe1 Rd2 29. Rxe6+ Kc5 30. c3 Ra2 31. g4 1-0

[Event "39 Mar del Plata open"]
[Site "?"]
[Date "2008.03.18"]
[Round "5"]
[White "Espinoza Palomino, Willyam"]
[Black "Celestino, Guillermo"]
[Result "1-0"]
[WhiteElo "1945"]
[BlackElo "2167"]
[PlyCount "71"]

1. e4 c5 2. Nf3 Nc6 3. d4 cxd4 4. Nxd4 Nf6 5. Nc3 e5 6. Ndb5 d6 7. Bg5 a6 8.
Na3 b5 9. Nd5 Be7 10. Bxf6 Bxf6 11. c3 Bg5 12. Nc2 Rb8 13. Be2 O-O 14. O-O f5
15. exf5 Bxf5 16. Nce3 Be6 17. Bg4 Bf7 18. Qd3 Kh8 19. Rad1 Na5 20. b3 Nc6 21.
g3 Bg6 22. Bf5 Bxe3 23. Bxg6 Bxf2+ 24. Rxf2 Rxf2 25. Kxf2 hxg6 26. Qxg6 Qd7 27.
Kg2 Rf8 28. Ne3 Rf6 29. Qg5 Qf7 30. Ng4 Rf5 31. Qd2 Rf3 32. Qxd6 Rxc3 33. Rf1
Rc2+ 34. Kg1 Qa7+ 35. Kh1 Qd4 36. Qf8+ 1-0

[Event "39 Mar del Plata open"]
[Site "?"]
[Date "2008.03.18"]
[Round "5"]
[White "Fidel, Roberto"]
[Black "Prieto, Gustavo"]
[Result "1-0"]
[WhiteElo "2168"]
[BlackElo "1953"]
[PlyCount "73"]

1. d4 d5 2. Nf3 Nf6 3. c4 c6 4. g3 e6 5. Bg2 Be7 6. O-O O-O 7. Qc2 Nbd7 8. Nbd2
Re8 9. e4 Nxe4 10. Nxe4 dxe4 11. Qxe4 Bf6 12. Bf4 c5 13. Be5 cxd4 14. Bxd4 Bxd4
15. Nxd4 a6 16. Rfd1 Qc7 17. Qe2 Rb8 18. Rac1 Qe5 19. Qd2 Nf6 20. Nf3 Qc7 21.
Qd6 Qxd6 22. Rxd6 Kf8 23. Ne5 Ke7 24. Rcd1 Rf8 25. Rb6 h5 26. Nc6+ bxc6 27.
Rxb8 Bd7 28. Rxf8 Kxf8 29. Rd3 Ke7 30. Ra3 Kd6 31. Rxa6 Kc5 32. b3 e5 33. Ra8
Ne8 34. Bh3 f5 35. Bxf5 Nc7 36. Ra7 Kb6 37. Rxc7 1-0

[Event "39 Mar del Plata open"]
[Site "?"]
[Date "2008.03.18"]
[Round "5"]
[White "Goldwaser, Cristian"]
[Black "Leskovar, Matias"]
[Result "1-0"]
[WhiteElo "2350"]
[BlackElo "2281"]
[PlyCount "61"]

1. d4 d5 2. c4 c6 3. Nf3 Nf6 4. Nc3 e6 5. Bg5 Nbd7 6. e3 a6 7. cxd5 cxd5 8. Ne5
Bb4 9. Bd3 Qa5 10. O-O Nxe5 11. dxe5 Bxc3 12. bxc3 Nd7 13. f4 Nc5 14. Bc2 Bd7
15. c4 Ba4 16. Bxa4+ Nxa4 17. cxd5 exd5 18. f5 Nc3 19. Qg4 h5 20. Qf3 Ne4 21.
Bh4 Qc7 22. e6 fxe6 23. fxe6 g5 24. Rac1 Qe7 25. Be1 Qxe6 26. Rc7 Kd8 27. Rxb7
Kc8 28. Rg7 Rd8 29. Ba5 Rd7 30. Rc1+ Kb7 31. Rc7+ 1-0

[Event "39 Mar del Plata open"]
[Site "?"]
[Date "2008.03.18"]
[Round "5"]
[White "Lallana Yanez, Daniel"]
[Black "Lopez, Diego"]
[Result "0-1"]
[WhiteElo "1980"]
[BlackElo "2129"]
[PlyCount "58"]

1. e4 c5 2. Nf3 e6 3. c3 d5 4. Bb5+ Bd7 5. Bxd7+ Qxd7 6. e5 Nc6 7. d4 cxd4 8.
cxd4 Nge7 9. Nc3 Ng6 10. Be3 Be7 11. h4 Bb4 12. Qb3 h5 13. O-O O-O 14. Rac1
Rac8 15. Na4 b6 16. Rxc6 Rxc6 17. Qxb4 Rc4 18. Nxb6 axb6 19. Qxb6 Qe7 20. b3
Rc2 21. a4 Nxh4 22. Nxh4 Qxh4 23. Rc1 Rfc8 24. Rf1 R2c3 25. Qb7 Qg4 26. a5 h4
27. Qe7 Rxe3 28. fxe3 Rc2 29. Kh1 Qxg2# 0-1

[Event "39 Mar del Plata open"]
[Site "?"]
[Date "2008.03.18"]
[Round "5"]
[White "Leskovar, Mario"]
[Black "Saralegui, Mario"]
[Result "1/2-1/2"]
[WhiteElo "2355"]
[BlackElo "2190"]
[PlyCount "92"]

1. e4 e5 2. Nf3 Nc6 3. Bb5 a6 4. Ba4 Nf6 5. d4 exd4 6. O-O Be7 7. e5 Ne4 8.
Nxd4 Nxd4 9. Qxd4 Nc5 10. Nc3 O-O 11. Nd5 d6 12. Nxe7+ Qxe7 13. exd6 Qxd6 14.
Qxd6 cxd6 15. Bb3 Nxb3 16. axb3 Bf5 17. c3 Rfe8 18. Be3 Be6 19. b4 Bc4 20. Rfd1
Re6 21. Rd4 Rc8 22. h3 h6 23. Rb1 Bb3 24. Ra1 Bc4 25. Ra3 Bb5 26. Ra1 Bc4 27.
Rb1 Bb3 28. Kf1 d5 29. Ra1 Re4 30. Rd2 Bc4+ 31. Kg1 f5 32. g3 g5 33. Ra5 f4 34.
Rc5 Rxc5 35. Bxc5 fxg3 36. fxg3 Re2 37. Rxe2 Bxe2 38. Kf2 Bc4 39. Ke3 Kf7 40.
h4 gxh4 41. gxh4 Ke6 42. h5 Bb3 43. Bf8 Bd1 44. Kd4 Bxh5 45. Kc5 Bf3 46. Bxh6
b6+ 1/2-1/2

[Event "39 Mar del Plata open"]
[Site "?"]
[Date "2008.03.18"]
[Round "5"]
[White "Lida Garcia, Fernando"]
[Black "Pierrot, Facundo"]
[Result "0-1"]
[WhiteElo "2049"]
[BlackElo "2450"]
[PlyCount "62"]

1. Nf3 c5 2. c4 Nc6 3. Nc3 e5 4. e3 Nf6 5. d4 cxd4 6. exd4 e4 7. Ne5 Bd6 8. c5
Bb8 9. Nc4 d5 10. cxd6 O-O 11. d5 Na5 12. Nxa5 Qxa5 13. Bg5 Bxd6 14. Bxf6 gxf6
15. Bc4 Bd7 16. O-O Rae8 17. a3 Qc7 18. Ba2 Bxh2+ 19. Kh1 Bd6 20. Rc1 Qd8 21.
Qh5 f5 22. Bb1 Qf6 23. Rce1 Kh8 24. Re3 Qg6 25. Qxg6 hxg6 26. g3 Kg7 27. f4 Rc8
28. g4 Rh8+ 29. Kg2 Rh4 30. gxf5 gxf5 31. Rg3+ Kf6 0-1

[Event "39 Mar del Plata open"]
[Site "?"]
[Date "2008.03.18"]
[Round "5"]
[White "Lopez, Pablo"]
[Black "Oddone, Cristhian"]
[Result "0-1"]
[WhiteElo "1945"]
[BlackElo "2145"]
[PlyCount "50"]

1. e4 d5 2. exd5 Nf6 3. c4 e6 4. dxe6 Bxe6 5. Nf3 Qe7 6. Qe2 Nc6 7. b3 Nb4 8.
Kd1 O-O-O 9. Ba3 Qd7 10. Kc1 Bf5 11. Bxb4 Bxb4 12. Qe3 Kb8 13. a3 Rhe8 14. axb4
Rxe3 15. fxe3 Ng4 16. Nd4 Bg6 17. Be2 Ne5 18. Nc3 Nc6 19. Nxc6+ Qxc6 20. Bf3
Qd6 21. d4 Qe6 22. Re1 Rxd4 23. Nb5 Rxc4+ 24. bxc4 Qxc4+ 25. Kb2 Qxb4+ 0-1

[Event "39 Mar del Plata open"]
[Site "?"]
[Date "2008.03.18"]
[Round "5"]
[White "Lovece, Ruth"]
[Black "Cristobal, Ruben"]
[Result "1-0"]
[WhiteElo "2006"]
[BlackElo "2283"]
[PlyCount "113"]

1. e4 e5 2. Nf3 f5 3. exf5 e4 4. Qe2 Nf6 5. d3 d5 6. dxe4 dxe4 7. Bg5 Qd5 8.
Bxf6 gxf6 9. Nfd2 Bb4 10. c3 Be7 11. Qxe4 Qxf5 12. Qxf5 Bxf5 13. g3 Nc6 14. Bg2
Bd3 15. Nb3 O-O-O 16. N1d2 Ne5 17. Nd4 Ba6 18. Be4 Nd3+ 19. Bxd3 Bxd3 20. O-O-O
c5 21. Ne6 Rd7 22. Nf4 Bb5 23. Rhe1 Bd6 24. Nd5 f5 25. f4 Bd3 26. c4 b5 27. b3
Rhd8 28. Re3 bxc4 29. bxc4 Be4 30. Nxe4 fxe4 31. Rxe4 Bf8 32. Kc2 h5 33. Rb1 h4
34. Re6 Bd6 35. Kd3 Rg7 36. Re3 hxg3 37. hxg3 Rh8 38. Rg1 Rh2 39. Re2 Rh3 40.
Reg2 Kd8 41. Ke4 Ke8 42. g4 Kf8 43. f5 Rb7 44. f6 Kf7 45. g5 Kg6 46. Rf1 Rh4+
47. Nf4+ Bxf4 48. Rxf4 Rxf4+ 49. Kxf4 Rd7 50. Re2 Rd4+ 51. Re4 Rd1 52. Ke5 Rd8
53. Ke6 a5 54. f7 Kg7 55. Rf4 Kf8 56. g6 Ra8 57. Kd5 1-0

[Event "39 Mar del Plata open"]
[Site "?"]
[Date "2008.03.18"]
[Round "5"]
[White "Meza, Hugo"]
[Black "Gallego, Gonzalo"]
[Result "1-0"]
[WhiteElo "2246"]
[BlackElo "2027"]
[PlyCount "75"]

1. d4 Nf6 2. c4 e6 3. Nc3 Bb4 4. e3 O-O 5. Nge2 d5 6. a3 Be7 7. cxd5 exd5 8.
Nf4 c6 9. Bd3 Bd6 10. O-O Re8 11. f3 Qc7 12. Nce2 b6 13. Bd2 Ba6 14. Bxa6 Nxa6
15. Rc1 Qb7 16. Ng3 Rac8 17. Nf5 Bb8 18. e4 Qd7 19. Nxg7 Kxg7 20. e5 Rg8 21.
exf6+ Kh8 22. Qe1 Qf5 23. Qh4 c5 24. Rfe1 Bd6 25. Nh3 Rge8 26. Bh6 cxd4 27.
Rxc8 Rxc8 28. Bg7+ Kg8 29. Nf2 Bf4 30. Ng4 d3 31. Nh6+ Bxh6 32. Bxh6 Nc5 33.
Re5 d2 34. Bxd2 Qb1+ 35. Be1 Ne6 36. Rxe6 Kh8 37. Qg3 Rg8 38. Re8 1-0

[Event "39 Mar del Plata open"]
[Site "?"]
[Date "2008.03.18"]
[Round "5"]
[White "Moccero, Eduardo"]
[Black "Crespo, Eugenio"]
[Result "1/2-1/2"]
[WhiteElo "2120"]
[BlackElo "1937"]
[PlyCount "64"]

1. d4 e6 2. Nf3 Nf6 3. e3 b6 4. Bd3 Bb7 5. Nbd2 Be7 6. O-O d6 7. c3 Nbd7 8. e4
c5 9. Qe2 O-O 10. e5 dxe5 11. dxe5 Nd5 12. Ne4 Qc7 13. Ng3 Rfd8 14. Re1 h6 15.
a3 Bf8 16. Bc2 Ne7 17. Bf4 c4 18. Rad1 Bd5 19. Ne4 b5 20. Bb1 Ng6 21. Bg3 Ndxe5
22. Nxe5 Nxe5 23. Qc2 f5 24. Ng5 hxg5 25. Bxe5 Qc6 26. f3 Bc5+ 27. Bd4 Bd6 28.
Qe2 Qc7 29. Be5 Bxe5 30. Qxe5 Qxe5 31. Rxe5 a5 32. Bxf5 Kf7 1/2-1/2

[Event "39 Mar del Plata open"]
[Site "?"]
[Date "2008.03.18"]
[Round "5"]
[White "Perdomo, Carlos Andres"]
[Black "Lo Presti, Roberto"]
[Result "1-0"]
[WhiteElo "2351"]
[BlackElo "2148"]
[PlyCount "90"]

1. c4 Nf6 2. Nc3 e6 3. Nf3 Bb4 4. Qc2 O-O 5. a3 Bxc3 6. Qxc3 d6 7. d3 h6 8. g4
Nh7 9. h4 e5 10. Rg1 g5 11. hxg5 hxg5 12. b3 c5 13. Bb2 f6 14. O-O-O Be6 15. e3
Qc8 16. Nh2 Nc6 17. Bg2 Rb8 18. Nf1 b5 19. Bxc6 Qxc6 20. Nd2 b4 21. axb4 Rxb4
22. d4 Bf7 23. dxc5 dxc5 24. Rh1 Rb7 25. Rh6 Be8 26. Qc2 Rg7 27. Rdh1 Qc7 28.
f4 Bc6 29. Rf1 gxf4 30. exf4 exf4 31. Qf5 Bd7 32. Qd5+ Rff7 33. Rxh7 Kxh7 34.
Ne4 Bc6 35. Rh1+ Kg8 36. Nxf6+ Kf8 37. Qxc5+ Re7 38. Rh8+ Kf7 39. Qh5+ Rg6 40.
Rh7+ Kf8 41. Qxg6 Rxh7 42. Qg8+ Ke7 43. Qxh7+ Kd8 44. Qg8+ Ke7 45. Qg7+ Kd8 1-0

[Event "39 Mar del Plata open"]
[Site "?"]
[Date "2008.03.18"]
[Round "5"]
[White "Perez Ponsa, Federico"]
[Black "Acosta, Mariano"]
[Result "1-0"]
[WhiteElo "2235"]
[BlackElo "2021"]
[PlyCount "75"]

1. e4 Nf6 2. e5 Nd5 3. d4 d6 4. c4 Nb6 5. f4 dxe5 6. fxe5 Bf5 7. Nc3 e6 8. Be3
Bb4 9. Nf3 c5 10. a3 Bxc3+ 11. bxc3 Nc6 12. Bd3 Bxd3 13. Qxd3 Qc7 14. O-O O-O-O
15. Qe2 f6 16. exf6 gxf6 17. Bf2 Rhe8 18. a4 Na5 19. Nd2 Qc6 20. dxc5 Nd7 21.
Ne4 Rg8 22. Bg3 e5 23. Rad1 Nxc5 24. Nxf6 Rxd1 25. Qxd1 Rg7 26. Nd5 Nd7 27.
Bxe5 Qg6 28. Bxg7 Qxg7 29. Qd4 Ne5 30. Qc5+ Nac6 31. Qd6 b6 32. Qf8+ Qxf8 33.
Rxf8+ Kd7 34. Rh8 Nxc4 35. Rxh7+ Kd6 36. Nb4 N6a5 37. Rxa7 Nb2 38. h4 1-0

[Event "39 Mar del Plata open"]
[Site "?"]
[Date "2008.03.18"]
[Round "5"]
[White "Roque, Fernando"]
[Black "Juarez, Carlos Eleodoro"]
[Result "1/2-1/2"]
[WhiteElo "1951"]
[BlackElo "2170"]
[PlyCount "120"]

1. d4 d5 2. c4 c6 3. Nf3 Nf6 4. cxd5 cxd5 5. Nc3 Nc6 6. Ne5 a6 7. Nxc6 bxc6 8.
Bf4 Nh5 9. Bg3 Nxg3 10. hxg3 Qb6 11. Qd2 Rb8 12. b3 e6 13. e3 Bb4 14. Bd3 c5
15. dxc5 Qxc5 16. Rc1 Bb7 17. O-O Qe7 18. Qe2 Qd6 19. Qg4 O-O 20. Rfd1 f5 21.
Qe2 Rbc8 22. Nb1 a5 23. Bb5 Rc5 24. a4 Rfc8 25. Rxc5 Rxc5 26. g4 fxg4 27. Qxg4
Qe5 28. Bd3 Rc8 29. Qe2 g6 30. Nd2 Qb2 31. Qg4 Rc1 32. Rxc1 Qxc1+ 33. Nf1 Qc6
34. Bb5 Qd6 35. Qg3 Kg7 36. Qxd6 Bxd6 37. Nd2 Kf6 38. Kf1 h5 39. Ke2 g5 40. f3
h4 41. Bd3 Bc5 42. e4 Ke5 43. exd5 exd5 44. Nb1 Bb4 45. Ke3 Bc5+ 46. Ke2 Kd4
47. Bb5 Bc8 48. Bd3 Be6 49. Bc2 Ke5 50. Bd3 Kf4 51. Bc2 Bb4 52. Bd3 Bc8 53. Bb5
Bf5 54. Nd2 Bxd2 55. Kxd2 Kg3 56. Bc6 Be6 57. b4 axb4 58. a5 Bc8 59. Bxd5 Ba6
60. Kc2 Bf1 1/2-1/2

[Event "39 Mar del Plata open"]
[Site "?"]
[Date "2008.03.19"]
[Round "6"]
[White "Acosta, Mariano"]
[Black "Alpern, Adrian Pablo"]
[Result "1-0"]
[WhiteElo "2021"]
[BlackElo "2187"]
[PlyCount "143"]

1. Nf3 d6 2. d4 Nf6 3. c4 Bg4 4. Qb3 Bxf3 5. Qxf3 Nc6 6. e3 g6 7. Nc3 Bg7 8.
Bd3 e5 9. d5 Nb4 10. Bb1 a5 11. O-O O-O 12. e4 Qd7 13. h3 c6 14. Be3 c5 15. a3
Na6 16. Bc2 Nc7 17. Ba4 Qe7 18. Rfb1 Nd7 19. Qe2 f5 20. f3 f4 21. Bf2 Na6 22.
Bc2 Bf6 23. Be1 Bh4 24. Bd2 Rfb8 25. Nb5 b6 26. Nc3 Rc8 27. Ba4 Ndb8 28. Na2
Qc7 29. Bb5 Bd8 30. Be1 Qe7 31. b4 Nc7 32. bxa5 Nxb5 33. Rxb5 bxa5 34. Rab1 Nd7
35. Nc3 Rcb8 36. Na4 Bc7 37. R1b3 Qd8 38. Qb2 Rxb5 39. Rxb5 Rb8 40. Rxb8 Nxb8
41. Qb7 Nd7 42. Kf1 g5 43. Ke2 Kf8 44. Nc3 Qb8 45. Qxb8+ Bxb8 46. Nb5 Nb6 47.
Kd3 a4 48. Ba5 Nc8 49. Nc3 Ke8 50. Nxa4 Ba7 51. Nc3 Kd7 52. Nb5 Bb8 53. Be1 Ne7
54. a4 Kc8 55. Ba5 Ng6 56. Ke2 h6 57. Bb6 Kb7 58. Bd8 Ka6 59. Bc7 Bxc7 60.
Nxc7+ Ka5 61. Ne8 Kxa4 62. Nxd6 Ka5 63. Nf7 Kb4 64. d6 Nf8 65. Nxe5 Kc3 66. d7
Ne6 67. Nc6 Kxc4 68. d8=Q Nxd8 69. Nxd8 Kb3 70. Nf7 c4 71. Ne5 c3 72. Nd3 1-0

[Event "39 Mar del Plata open"]
[Site "?"]
[Date "2008.03.19"]
[Round "6"]
[White "Aguilar, Andres"]
[Black "Gallego, Gonzalo"]
[Result "0-1"]
[WhiteElo "2248"]
[BlackElo "2027"]
[PlyCount "74"]

1. d4 Nf6 2. c4 e6 3. Nf3 b6 4. g3 Ba6 5. b3 d5 6. Bg2 Bb4+ 7. Bd2 Be7 8. Ne5
Bb7 9. O-O O-O 10. Bc3 Nbd7 11. Nxd7 Qxd7 12. Nd2 c5 13. dxc5 bxc5 14. cxd5
exd5 15. Qc2 Rac8 16. Rfd1 Qe6 17. Rac1 Rfe8 18. e3 Ba8 19. Qb2 Rb8 20. Qa1
Rec8 21. Be5 Rb6 22. Nf3 h6 23. Rc2 Qf5 24. Ne1 Re8 25. Bb2 Bf8 26. Qc1 Kh8 27.
Nd3 Ne4 28. Ba1 Kg8 29. Nf4 g5 30. Nh5 Qg4 31. f3 Qxh5 32. fxe4 dxe4 33. Rd7
Bc6 34. Rdd2 Bb5 35. Qb2 f6 36. Rf2 Ree6 37. h3 Bd6 0-1

[Event "39 Mar del Plata open"]
[Site "?"]
[Date "2008.03.19"]
[Round "6"]
[White "Bianchi, Albino"]
[Black "Cristobal, Manuel"]
[Result "0-1"]
[WhiteElo "2114"]
[BlackElo "2174"]
[PlyCount "66"]

1. e4 a6 2. d4 b5 3. Bd3 Bb7 4. Nf3 Nf6 5. Qe2 e6 6. O-O c5 7. dxc5 Bxc5 8.
Nbd2 O-O 9. e5 Nd5 10. Ne4 Be7 11. c3 f6 12. exf6 Nxf6 13. Nxf6+ Bxf6 14. a4
bxa4 15. Rxa4 a5 16. Rg4 Na6 17. Ng5 Bxg5 18. Bxg5 Qc7 19. Rh4 h6 20. Bxh6 gxh6
21. Qh5 Rf6 22. Rg4+ Kf8 23. Bg6 Ke7 24. Qxh6 Raf8 25. Qh4 Kd8 26. Rc4 Bc6 27.
b4 Qe5 28. Rd1 Kc8 29. Qh7 Rxf2 30. Be4 Nc7 31. Rxc6 dxc6 32. Qd7+ Kb8 33. Qxc6
Qb5 0-1

[Event "39 Mar del Plata open"]
[Site "?"]
[Date "2008.03.19"]
[Round "6"]
[White "Bustamante, Leonidas"]
[Black "Fernandez, Maria Florencia"]
[Result "0-1"]
[WhiteElo "2184"]
[BlackElo "2037"]
[PlyCount "45"]

1. e4 d6 2. d4 Nf6 3. Nc3 g6 4. f4 Bg7 5. Nf3 O-O 6. Bd3 Nc6 7. O-O e5 8. fxe5
dxe5 9. d5 Nd4 10. Nxe5 Nxe4 11. Bxe4 Bxe5 12. Bf4 Bxf4 13. Rxf4 Nf5 14. Bxf5
Bxf5 15. Qd4 Bxc2 16. Re1 Re8 17. Rc1 Bf5 18. g4 Qg5 19. h4 Qxh4 20. Kg2 Qg5
21. Rh1 h5 22. Kf2 Bxg4 23. Ne4 0-1

[Event "39 Mar del Plata open"]
[Site "?"]
[Date "2008.03.19"]
[Round "6"]
[White "Celestino, Guillermo"]
[Black "Roque, Fernando"]
[Result "1-0"]
[WhiteElo "2167"]
[BlackElo "1951"]
[PlyCount "59"]

1. d4 d5 2. c4 e6 3. Nc3 Be7 4. Nf3 Nf6 5. Bg5 Nbd7 6. e3 c5 7. cxd5 exd5 8.
Be2 b6 9. O-O Bb7 10. dxc5 bxc5 11. Qa4 O-O 12. Ba6 Bxa6 13. Qxa6 Qb6 14. Qd3
Qb7 15. Rfd1 Nb6 16. Rac1 c4 17. Qf5 Rfd8 18. Rc2 Rac8 19. Rcd2 Rc5 20. Nd4 a6
21. f3 h6 22. Bh4 Qd7 23. g4 Nc8 24. Qc2 Nxg4 25. fxg4 Bxh4 26. Nf5 Ne7 27.
Nxh4 Qxg4+ 28. Ng2 g6 29. Rd4 Qg5 30. Ne4 1-0

[Event "39 Mar del Plata open"]
[Site "?"]
[Date "2008.03.19"]
[Round "6"]
[White "Contin, Daniel"]
[Black "Leskovar, Mario"]
[Result "1/2-1/2"]
[WhiteElo "2309"]
[BlackElo "2355"]
[PlyCount "87"]

1. c4 g6 2. Nc3 Bg7 3. g3 d6 4. d4 Nd7 5. Bg2 e5 6. Nf3 Ne7 7. O-O O-O 8. e4
exd4 9. Nxd4 Nc6 10. Nde2 Nc5 11. Be3 Be6 12. b3 a5 13. Rc1 a4 14. f4 axb3 15.
axb3 Bg4 16. e5 Nb4 17. Bxc5 dxc5 18. Bxb7 Ra3 19. Bf3 Bh3 20. Qxd8 Rxd8 21.
Rfd1 Rxd1+ 22. Rxd1 Rxb3 23. Rd8+ Bf8 24. g4 Kg7 25. Rd7 Kg8 26. Rxc7 Ra3 27.
Kf2 g5 28. Ne4 Nd3+ 29. Kg3 Bf1 30. e6 gxf4+ 31. Nxf4 Ne5 32. exf7+ Kh8 33. Nd2
Bxc4 34. Nxc4 Rxf3+ 35. Kg2 Rxf4 36. Nxe5 Kg7 37. Rd7 c4 38. Rc7 Bd6 39. f8=Q+
Kxf8 40. Rc8+ Kg7 41. Nxc4 Rxg4+ 42. Kh3 Rg6 43. Nxd6 Rxd6 44. Rc3 1/2-1/2

[Event "39 Mar del Plata open"]
[Site "?"]
[Date "2008.03.19"]
[Round "6"]
[White "Daneri, Martin"]
[Black "Di Diego, Osvaldo"]
[Result "1-0"]
[WhiteElo "2210"]
[BlackElo "2051"]
[PlyCount "89"]

1. d4 d5 2. Nf3 c6 3. c3 Nf6 4. Bf4 Bf5 5. e3 e6 6. Nbd2 Qb6 7. Qb3 Nbd7 8. Be2
Be7 9. Ne5 Nxe5 10. Bxe5 O-O 11. O-O Qxb3 12. axb3 c5 13. dxc5 Bxc5 14. b4 Bb6
15. Nb3 Rfd8 16. Na5 Bxa5 17. Rxa5 Nd7 18. Bg3 a6 19. Rfa1 Rac8 20. b5 Nc5 21.
bxa6 bxa6 22. Bxa6 Nxa6 23. Rxa6 f6 24. Bd6 Bd3 25. Rb6 Ra8 26. Rxa8 Rxa8 27.
Ba3 Kf7 28. f3 Rd8 29. Rb7+ Kg6 30. g4 e5 31. Kf2 d4 32. exd4 exd4 33. cxd4
Rxd4 34. Bf8 f5 35. Rxg7+ Kf6 36. g5+ Ke6 37. Rxh7 f4 38. Re7+ Kf5 39. h4 Bc4
40. Re4 Rd2+ 41. Ke1 Rc2 42. Bd6 Ba6 43. Rxf4+ Ke6 44. Rf6+ Kd5 45. Bf4 1-0

[Event "39 Mar del Plata open"]
[Site "?"]
[Date "2008.03.19"]
[Round "6"]
[White "De Dovittis, Alejo"]
[Black "Cuevas, Alex"]
[Result "1/2-1/2"]
[WhiteElo "2326"]
[BlackElo "2165"]
[PlyCount "40"]

1. Nf3 c5 2. c4 g6 3. Nc3 Bg7 4. e3 Nf6 5. d4 cxd4 6. exd4 d5 7. Bg5 dxc4 8.
Bxc4 O-O 9. h3 Nc6 10. a3 h6 11. Be3 e6 12. O-O Ne7 13. Qd2 Nf5 14. Bf4 b6 15.
d5 exd5 16. Nxd5 Bb7 17. Bc7 Qc8 18. Rac1 Nxd5 19. Bxd5 Bxd5 20. Qxd5 Bxb2
1/2-1/2

[Event "39 Mar del Plata open"]
[Site "?"]
[Date "2008.03.19"]
[Round "6"]
[White "Juarez, Carlos Eleodoro"]
[Black "Vasconcelos, Danilo Nunes"]
[Result "1-0"]
[WhiteElo "2170"]
[BlackElo "1967"]
[PlyCount "25"]

1. e4 c5 2. Nf3 d6 3. d4 cxd4 4. Nxd4 Nf6 5. Nc3 Nc6 6. f3 a6 7. Be3 Bd7 8. Qd2
b5 9. Bd3 e6 10. g4 Be7 11. O-O-O Nxd4 12. Bxd4 b4 13. Na4 1-0

[Event "39 Mar del Plata open"]
[Site "?"]
[Date "2008.03.19"]
[Round "6"]
[White "Koch, Juan Enrique"]
[Black "Fidel, Roberto"]
[Result "0-1"]
[WhiteElo "2054"]
[BlackElo "2168"]
[PlyCount "88"]

1. c4 Nf6 2. g3 e6 3. Bg2 d5 4. Nf3 Be7 5. O-O O-O 6. Qc2 c5 7. cxd5 Nxd5 8. a3
Nc6 9. Nc3 b6 10. d4 Nxd4 11. Nxd4 cxd4 12. Nxd5 exd5 13. Qc6 Be6 14. Bf4 Rc8
15. Qa4 Bf6 16. Rac1 Qe7 17. Qb5 Rfd8 18. Rfd1 Rc5 19. Rxc5 bxc5 20. b4 c4 21.
Qa5 h6 22. h4 Bg4 23. f3 Qxe2 24. Rd2 Qe1+ 25. Kh2 Bf5 26. Rxd4 Bxd4 27. Qxd8+
Kh7 28. g4 Be5 29. Bxe5 Qxe5+ 30. f4 Qxf4+ 31. Kg1 Be4 32. Bxe4+ Qxe4 33. g5 c3
34. gxh6 gxh6 35. Qc7 Qg6+ 36. Kf2 d4 37. h5 Qf5+ 38. Ke2 d3+ 39. Ke3 c2 40.
Kd2 Qg5+ 41. Kxd3 c1=Q 42. Qxf7+ Qg7 43. Qf5+ Kh8 44. Qe6 Qcc3+ 0-1